Statistics for NWSL MVPs

Click here to take the quiz!

General Stats

  • This quiz has been taken 27 times
    (15 since last reset)
  • The average score is 4 of 9

Answer Stats

HintTeamAnswer% Correct
2019Chicago Red StarsSam Kerr
75%
2017Sky Blue FCSam Kerr
75%
2022Portland Thorns FCSophia Smith
67%
2016Western New York FlashLynn Williams
50%
2018Portland Thorns FCLindsey Horan
42%
2015Washington SpiritCrystal Dunn
33%
2021OL ReignJess Fishlock
33%
2014Seattle Reign FCKim Little
8%
2013FC Kansas CityLauren Holliday
8%

Score Distribution

Percentile by Number Answered

Percent of People with Each Score

Your Score History

You have not taken this quiz since the last reset